Sorolla (Record no. 2526)

MARC details
000 -CABECERA
campo de control de longitud fija 00596nam a2200205 a 4500
001 - NÚMERO DE CONTROL
campo de control BRCA_2786
005 - FECHA Y HORA DE LA ÚLTIMA TRANSACCIÓN
campo de control 20190320203952.0
008 - DATOS DE LONGITUD FIJA--INFORMACIÓN GENERAL
campo de control de longitud fija 081208s1910----sp-a---###---#000-0#spa-#
050 #4 - SIGNATURA TOPOGRÁFICA DE LA BIBLIOTECA DEL CONGRESO
Número de clasificación ND813.S6
Número de documento/Ítem .D66 1910
100 1# - ENTRADA PRINCIPAL--NOMBRE DE PERSONA
Nombre de persona Doménech, Rafael
9 (RLIN) 7829
245 10 - MENCIÓN DE TÍTULO
Título Sorolla
Resto del título su vida y su arte
Mención de responsabilidad, etc. Rafael Doménech.
260 ## - PUBLICACIÓN, DISTRIBUCIÓN, ETC.
Lugar de publicación, distribución, etc. Madrid
Nombre del editor, distribuidor, etc. L. Miguel
Fecha de publicación, distribución, etc. 1910
300 ## - DESCRIPCIÓN FÍSICA
Extensión xxxvi, 87 p.
Otras características físicas il.
Dimensiones 28 cm.
440 #0 - MENCIÓN DE SERIE/PUNTO DE ACCESO ADICIONAL--TÍTULO
Título Biblioteca de arte español
Número de parte o sección de la obra 1
9 (RLIN) 7830
500 ## - NOTA GENERAL
Nota general AA8
600 14 - PUNTO DE ACCESO ADICIONAL DE MATERIA--NOMBRE DE PERSONA
Nombre de persona Sorolla y Bastida, Joaquín
Fechas asociadas al nombre 1863-1923
9 (RLIN) 7831
650 14 - PUNTO DE ACCESO ADICIONAL DE MATERIA--TÉRMINO DE MATERIA
Término de materia o nombre geográfico como elemento de entrada Pintores españoles
9 (RLIN) 7620
902 ## - CATALOGADOR
Iniciales GFM
942 ## - ELEMENTOS DE PUNTO DE ACCESO ADICIONAL (KOHA)
Fuente del sistema de clasificación o colocación Library of Congress Classification
Tipo de ítem Koha Libros
Holdings
Estado de retiro Estado de pérdida Estado dañado No para préstamo Localización permanente Ubicación/localización actual Fecha de adquisición Número de inventario Total de préstamos Signatura topográfica completa Código de barras Fecha visto por última vez Precio válido a partir de Tipo de ítem Koha
El ejemplar forma parte de la colección y puede ser consultado según las políticas vigentes.       Biblioteca del Museo Franz Mayer (Rogerio Casas-Alatriste) Biblioteca del Museo Franz Mayer (Rogerio Casas-Alatriste) 08/12/2008 AA8   ND813.S6 .D66 1910 (AA8) 2783 22/03/2019 22/03/2019 Libros